[Event "Dhaka SGS op"]
[Site "Dhaka"]
[Date "2017.06.07"]
[Round "5"]
[White "Rahman, Siddiqur"]
[Black "Mohammad Nazmul, Hasan"]
[Result "1-0"]
[WhiteElo "2083"]
[BlackElo "1743"]
[PlyCount "61"]
[EventDate "2017.06.03"]
[EventType "swiss"]
[EventRounds "9"]
[EventCountry "BAN"]
[SourceTitle "EXT 2019"]
[Source "ChessBase"]
[SourceDate "2018.10.10"]
[SourceVersion "1"]
[SourceVersionDate "2018.10.10"]
[SourceQuality "1"]

1. d4 e6 2. c4 Nf6 3. Nc3 d5 4. Bg5 Be7 5. e3 0-0 6. Bd3 dxc4 7. Bxc4 c6 8. Nf3 Nbd7 9. 0-0 Nd5 10. Bxe7 Qxe7 11. e4 Nxc3 12. bxc3 b5 13. Bd3 e5 14. Qb3 Kh8 15. a4 exd4 16. cxd4 b4 17. a5 Rb8 18. Rfe1 c5 19. d5 Bb7 20. e5 Rfc8 21. Bc4 f6 22. d6 Qf8 23. e6 Qxd6 24. Rad1 Qc7 25. Rxd7 Qf4 26. e7 Bc6 27. Rxa7 Ba4 28. Qxa4 h5 29. e8Q+ Rxe8 30. Rxe8+ Kh7 31. Qd7 1-0